MARC

LEADER 00000nam0a2200000 4500
001 99864
005 20231101214258.0
035 |a (RuTPU)RU\TPU\book\107289 
035 |a RU\TPU\book\107288 
090 |a 99864 
100 |a 20060718d1982 k y0rusy50 ca 
101 0 |a rus 
102 |a RU 
105 |a y a 001zy 
200 1 |a Рений и технеций  |e библиографический указатель (1925 -1960)  |f АН СССР, Б-ка АН СССР, Ленинградский гос. ун-т; сост. К. В. Овчинников; отв. ред. С. А. Щукарев 
210 |a Ленинград  |c Библиотека АН СССР  |d 1982 
215 |a 270 с. 
606 1 |a Технеций  |x Химия  |2 stltpush  |3 (RuTPU)RU\TPU\subj\75205  |9 87076 
606 1 |a Рений  |x Химия  |2 stltpush  |3 (RuTPU)RU\TPU\subj\75206  |9 87077 
610 1 |a геохимия 
610 1 |a космохимия 
610 1 |a ядерная физика 
610 1 |a радиоактивность 
610 1 |a металлы 
610 1 |a сплавы 
610 1 |a интерметаллические соединения 
610 1 |a физиологические свойства 
610 1 |a токсические свойства 
610 1 |a выделение 
610 1 |a очистка 
610 1 |a аналитическая химия 
610 1 |a технология рения 
610 1 |a технология технеция 
610 1 |a ресурсы 
610 1 |a экономика производства 
610 1 |a применение 
610 1 |a библиографические указатели 
675 |a 546.718(01)  |v 3 
675 |a 546.719(01)  |v 3 
686 |a Я19  |v LBC/SL-A  |2 rubbk 
702 1 |a Овчинников  |b К. В.  |4 220 
702 1 |a Щукарев  |b С. А.  |4 340 
712 0 2 |a АН СССР  |b Б-ка АН СССР  |b Ленинградский гос. ун-т 
801 1 |a RU  |b 63413507  |c 20060718  |g PSBO 
801 2 |a RU  |b 63413507  |c 20160321  |g PSBO 
942 |c BK